<?xml version="1.0" encoding="UTF-8"?>
<record
    xmlns:xsi="http://www.w3.org/2001/XMLSchema-instance"
    xsi:schemaLocation="http://www.loc.gov/MARC21/slim http://www.loc.gov/standards/marcxml/schema/MARC21slim.xsd"
    xmlns="http://www.loc.gov/MARC21/slim">

  <leader>02324nam a2200217Ia 4500</leader>
  <controlfield tag="003">0</controlfield>
  <controlfield tag="005">20250127101647.0</controlfield>
  <controlfield tag="008">150126s9999    xx            000 0 und d</controlfield>
  <datafield tag="050" ind1=" " ind2=" ">
    <subfield code="a">PHS BF 697.5.S43</subfield>
    <subfield code="b">.B575 2014</subfield>
  </datafield>
  <datafield tag="100" ind1=" " ind2=" ">
    <subfield code="a">Bhyria, Abdul Wakeel D.</subfield>
  </datafield>
  <datafield tag="245" ind1=" " ind2=" ">
    <subfield code="a">Self-esteem and social behavior of grade 11 students /</subfield>
    <subfield code="c">Abdul Wakeel D. Bhyria.</subfield>
  </datafield>
  <datafield tag="260" ind1=" " ind2=" ">
    <subfield code="a">Las Pi&#xF1;as City, Philippines :</subfield>
    <subfield code="b">Southville International School and Colleges,</subfield>
    <subfield code="c">2014.</subfield>
  </datafield>
  <datafield tag="300" ind1=" " ind2=" ">
    <subfield code="a">37 pages :</subfield>
    <subfield code="b">illustration ;</subfield>
    <subfield code="c">28 cm.</subfield>
  </datafield>
  <datafield tag="504" ind1=" " ind2=" ">
    <subfield code="a">Includes bibliographical references.</subfield>
  </datafield>
  <datafield tag="520" ind1=" " ind2=" ">
    <subfield code="a">This study wanted to determine if there is a significant difference between self-esteem and social behavior of grade 11 students. The research study intended to define the frequency of the self-esteem of the respondents.

The researcher made use of the descriptive method to approach the study and collect the desired data. Questionnaires that consist of the Rosenberg self-esteem questions and the 10 items questions about social behavior that were taken from chapter 2 were distribute to each of the grade 11 students. After gathering all the needed information, the researcher utilized the following statistical treatment such as the slovin&#x2019;s formula, percentage, weighted mean and the t-test.

Based on the researcher&#x2019;s study, 72 out of the 92 grade 11 students have high self-esteem and the rest of the student (20) has a low self-esteem. The researcher also found out that the level of social behavior of high esteem students is moderate and the level of social behavior of low esteem students is also at a moderate level.

The researcher recommends that People should still research about this but with a wider population in order to authenticate the outcome of the study. Respondents who have a low self-esteem should bond more with their friends so that they would be able to feel good about themselves and respondents who think that they are not good enough should start trying out different sports or activities that matches their personality and think that they are good at it in order to boost their confidence and give more meaning in their lives.
</subfield>
  </datafield>
  <datafield tag="650" ind1=" " ind2=" ">
    <subfield code="a">Self-Esteem.</subfield>
  </datafield>
  <datafield tag="650" ind1=" " ind2=" ">
    <subfield code="a">Social behavior in adolescence.</subfield>
  </datafield>
  <datafield tag="650" ind1=" " ind2=" ">
    <subfield code="a">Teenagers</subfield>
    <subfield code="v">Social conditions.</subfield>
  </datafield>
  <datafield tag="650" ind1=" " ind2=" ">
    <subfield code="a">Social skills in adolescence.</subfield>
  </datafield>
  <datafield tag="942" ind1=" " ind2=" ">
    <subfield code="2">lcc</subfield>
    <subfield code="c">PASS</subfield>
  </datafield>
  <datafield tag="999" ind1=" " ind2=" ">
    <subfield code="c">278644</subfield>
    <subfield code="d">278644</subfield>
  </datafield>
  <datafield tag="952" ind1=" " ind2=" ">
    <subfield code="0">0</subfield>
    <subfield code="1">0</subfield>
    <subfield code="2">lcc</subfield>
    <subfield code="4">0</subfield>
    <subfield code="a">LUX</subfield>
    <subfield code="b">LUX</subfield>
    <subfield code="c">PASS</subfield>
    <subfield code="d">2042-02-06</subfield>
    <subfield code="e">DONATION</subfield>
    <subfield code="l">0</subfield>
    <subfield code="o">PHS BF 697.5.S43 .B575 2014</subfield>
    <subfield code="p">P3300</subfield>
    <subfield code="r">2015-01-26 00:00:00</subfield>
    <subfield code="w">2015-01-26</subfield>
    <subfield code="y">PASS</subfield>
  </datafield>
</record>
